000 00228nam a2200109Ia 4500
008 190216s9999||||xx |||||||||||||| ||und||
100 _aThampi P V
245 0 _aAgni Rathi
260 _bDc Books
650 _aNovel
942 _cBK
999 _c26021
_d26021